000 01003cam a2200337 i 4500
999 _c1548
_d1548
001 021299973
003 UkOxU
005 20230112095412.0
008 130114r20172011enk 000 f eng|d
016 7 _a016252070
_2Uk
020 _a9781408891384
_qpaperback
035 _a(Uk)016252070
040 _aStDuBDS
_beng
_erda
_cStDuBDS
_dUk
_dUkOxU
042 _aukblsr
082 0 4 _aFIC MIL
_223
100 1 _aMiller, Madeline,
_eauthor.
245 1 4 _aThe song of Achilles /
_cMadeline Miller.
264 1 _aLondon :
_bBloomsbury,
_c2017.
300 _a352 pages ;
_c20 cm
336 _atext
_2rdacontent
337 _aunmediated
_2rdamedia
338 _avolume
_2rdacarrier
500 _aOriginally published: 2011.
500 _aBloomsbury Modern Classics edition.
500 _aFormerly CIP.
_5Uk
600 0 0 _aAchilles
_c(Mythological character)
_vFiction.
650 0 _aHomosexuality
_vRomance fiction.
650 0 _aTrojan War
_vFiction.
655 0 _aHistorical fiction.
942 _2ddc
_cFIC